00353nam a22001337a 450000500170000000800410001704100130005808200120007110000120008324500270009526000460012230000250016865000260019320240726092103.0240726b |||||||| |||| 00| 0 eng d aEnglish  a349 SOU lEnglish aSupreme Court Reports  aCape Town: bJuta and Company Ltd, c1894 b499 pages; c25 cm.  aLegal practice bLaw